01194nam a2200241Ia 450000100060000000300090000600800410001504000130005604000130006904100130008210000300009510000290012524500440015424500440019825000110024226000140025326000100026726000490027730000570032650005160038365000220089965000310092186553IT-RoPAU130308s9999 xx 000 0 und d aIT-RoPAU cIT-RoPAU aSPAGNOLO aDe Aguilera Moyano Miguel gCodice Aut. SPICS: 30806 aTelediario (El): un proceso informativo bTelediario (El): un proceso Informativo a1a ed. aBARCELONA bMitre c1985 [1° Ed.:1985 - Ed.Ling.Originale:1985] a"262 p. (prefazione: no ; testo: 262 [pagine: 0-0])" aTelevisione Come mezzo dominante Comunicazione in una Prospettiva Diacronica Processo di Comunicazione interumana mezzo Televisivo Televisione in Spagna Aspetti giuridici e Strutturali formare informare a Dare Spettacolo Servizi informativi della Tve Potere Politico e Informazione televisiva innovazione tecnologica Programmazione informativa Area informativa concreta I Telediari Analisi del Telediario Telediario e Società Telediario Durante Il Franchismo e nella Democrazia Analisi e Storia del Telediario aGENERI TELEVISIVI eCodice materia Spics: 6960